[Event "VII TCh-RUS w"]
[Site "Sochi RUS"]
[Date "2006.04.29"]
[Round "10"]
[White "Kirillova,V"]
[Black "Kharashuta,E"]
[Result "1/2-1/2"]
[WhiteElo "2225"]
[BlackElo "2171"]

1.e4 d6 2.d4 Nf6 3.Nc3 e5 4.Nge2 Be7 5.g3 c6 6.Bg2 b5 7.a3 O-O 8.O-O Nbd7
9.h3 Bb7 10.g4 Ne8 11.Be3 Nb6 12.b3 a5 13.f4 exf4 14.Nxf4 Nc7 15.Nd3 d5 16.e5 Ne6
17.Ne2 a4 18.Qc1 f6 19.Nef4 Nxf4 20.Bxf4 fxe5 21.Bxe5 Rxf1+ 22.Bxf1 Nd7 23.b4 Nxe5
24.Nxe5 Bg5 25.Qe1 Qf6 26.Bg2 Re8 27.Qc3 Qf4 28.Rd1 Re6 29.Kh1 Qe3 30.Qxe3 Bxe3
31.Bf3 g5 32.Kg2 Kg7 33.Nd7 Bc8 34.Nb6 Bb7 35.Nd7 Bc8 36.Nb6 Bb7  1/2-1/2

[Event "WSB Masters"]
[Site "Wroclaw POL"]
[Date "2006.04.29"]
[Round "4"]
[White "Zeberski,J"]
[Black "Markosian,D"]
[Result "1/2-1/2"]
[WhiteElo "2422"]
[BlackElo "2397"]

1.e4 d6 2.d4 Nf6 3.Nc3 e5 4.dxe5 dxe5 5.Qxd8+ Kxd8 6.Bg5 Be6 7.O-O-O+ Nd7
8.f4 exf4 9.Nf3 h6 10.Bxf4 Bc5 11.h3 Nh5 12.Bh2 Be3+ 13.Kb1 Bf4 14.g4 Bxh2
15.Rxh2 Nf4 16.Rhd2 Ke7 17.Nd5+ Bxd5 18.exd5 Rhd8 19.Rd4 g5 20.Rc4 Rac8 21.Nd4 Nb6
22.Nf5+ Kf6 23.Rcd4 Re8 24.c4 h5 25.Kc2 hxg4 26.hxg4 Nd7 27.d6 c6 28.Ng3 Rh8
29.Bd3 Nc5 30.Ne4+ Nxe4 31.Bxe4 Rh2+ 32.R4d2 Rxd2+ 33.Rxd2 Ke5 34.Bf5 c5
35.d7 Rd8 36.Kc3 b6 37.b4 Ne6 38.Rd5+ Kf6 39.bxc5 Nxc5 40.Kd4 Ne6+ 41.Ke4 Nc5+
42.Kd4 Ne6+ 43.Ke4 Nc5+  1/2-1/2

[Event "WSB Masters"]
[Site "Wroclaw POL"]
[Date "2006.04.29"]
[Round "4"]
[White "Maryasin,B"]
[Black "Lubczynski,R"]
[Result "0-1"]
[WhiteElo "2371"]
[BlackElo "2319"]

1.e4 d6 2.d4 Nf6 3.Nc3 e5 4.Nf3 Nbd7 5.Bc4 Be7 6.O-O O-O 7.Qe2 c6 8.a4 a5
9.h3 exd4 10.Nxd4 Re8 11.Bf4 Nc5 12.Qf3 Qb6 13.Rfe1 Ncxe4 14.Nxe4 Qxd4 15.c3 Qxc4
16.Nxf6+ gxf6 17.Bxd6 Bg4 18.Qg3 Bxd6 19.Qxd6 Bf5 20.Qxf6 Bg6 21.g4 Rad8
22.Re3 Qd5 23.Rae1 Rxe3 24.Rxe3 h6 25.Re5 Qd1+ 26.Kg2 Kh7 27.Rxa5 Be4+ 28.Kg3 Rd3+
29.Kh4 Rf3 30.Rf5 Rxf5 31.gxf5 Qd5 32.Kg4 Bc2 33.a5 Qg2+ 34.Kf4 Qxf2+ 35.Ke5 Qc5+
36.Kf4 Qc4+ 37.Ke5 Qd5+ 38.Kf4 Qe4+ 39.Kg3 Qe3+ 40.Kg2 Qg5+  0-1

[Event "4NCL 2005-06"]
[Site "Birmingham ENG"]
[Date "2006.04.30"]
[Round "10"]
[White "Lalic,S"]
[Black "Lauterbach,I"]
[Result "1-0"]
[WhiteElo "2356"]
[BlackElo "2131"]

1.e4 d6 2.d4 Nf6 3.Nc3 Nbd7 4.Nf3 e5 5.dxe5 dxe5 6.Bc4 Bb4 7.O-O O-O 8.Qe2 Bxc3
9.bxc3 c6 10.a4 b6 11.Rd1 Qc7 12.Ba3 c5 13.Nh4 Bb7 14.f3 Rfd8 15.Bc1 Nf8
16.Bg5 Rxd1+ 17.Rxd1 Rd8 18.Bxf6 Rxd1+ 19.Qxd1 gxf6 20.Nf5 Bc8 21.Nh6+ Kg7
22.Nxf7 Qd7 23.Nd6 Qxa4 24.Bb5 Qa5 25.Ne8+ Kg8 26.Bc4+ Be6 27.Bxe6+ Nxe6
28.Qd7 Qxc3 29.Nxf6+ Kf8 30.Qe8+ Kg7 31.Nh5+ Kh6 32.Qxe6+ Kxh5 33.Qf5+  1-0

[Event "Open A"]
[Site "Djakovo CRO"]
[Date "2006.05.01"]
[Round "2"]
[White "Bender,I"]
[Black "Biti,O"]
[Result "1/2-1/2"]
[WhiteElo "2312"]
[BlackElo "2347"]

1.e4 d6 2.d4 Nf6 3.Nc3 e5 4.Nf3 Nbd7 5.Bc4 Be7 6.O-O O-O 7.a4 a5 8.Re1 c6
9.b3 exd4 10.Nxd4 Nc5 11.Bb2 Re8 12.Qd2 Bf8 13.f3 Qb6 14.Kh1 Bd7 15.Rad1 Re5
16.Bf1 Rae8 17.Ba1 Bc8 18.Nde2 d5 19.exd5 Nxd5 20.Nxd5 Rxd5 21.Qc1 Rxd1 22.Rxd1 Qc7
23.Ng3 Qe7 24.Bc3 b6 25.Re1 Qd8 26.Rxe8 Qxe8 27.Nh5 f6 28.g4 Qf7 29.Qf4 Be6
30.Qe3 Qe7 31.Qf2 Qd6 32.Ng3 Qd1 33.Kg2 Bf7 34.Nf5 Ne6 35.h4 Nf4+ 36.Kh2 Nd5
37.Be1 Bc5 38.Qe2 Qxe2+ 39.Bxe2 Nf4 40.Bf1 Be6 41.Ng3 Bd5 42.Ne4 Be7 43.Kg3 Ng6
44.c4 Bxe4 45.fxe4 Bd6+ 46.Kg2 Nf4+ 47.Kf3 Ne6 48.Ke3 Bc5+ 49.Kd3 Kf7 50.Bg3 Ke7
51.e5 fxe5 52.Bxe5 Bd6 53.Bb2 g6 54.Kc2 Bg3 55.h5 gxh5 56.gxh5 h6 57.Bh3 Nf4
58.Bg4 Bh4 59.Be5 Ne6 60.Bxe6 Kxe6 61.Bc7 Bf2 62.Bf4 Kf5 63.Bxh6 Kg4 64.Bg7 Kxh5
65.Kd3 Kg6 66.Bc3 Kf5 67.Bd2 Ke5 68.Bh6 Bc5 69.Bg7+ Kf5 70.Bc3 Ke6 71.Ke4 Bd6
72.Bd4 c5 73.Bf2 Bh2 74.Bh4 Kd6 75.Bd8 Kc6 76.Kf5 Bg3 77.Ke6 Bf4 78.Bf6 Bg3
79.Kf5 Bh2 80.Ke6 Bg3 81.Bg5 Bd6 82.Bh4 Bf4 83.Bd8 Bg3 84.Bg5 Bd6 85.Kf5 Bg3
86.Kg4 Bd6 87.Bf4 Be7 88.Kf5 Bh4 89.Ke6 Bd8 90.Kf7 Kd7 91.Bb8 Bh4 92.Kf8  1/2-1/2

[Event "Open A"]
[Site "Djakovo CRO"]
[Date "2006.05.01"]
[Round "3"]
[White "Leventic,I"]
[Black "Mrkonjic,N"]
[Result "1-0"]
[WhiteElo "2488"]
[BlackElo "2383"]

1.e4 d6 2.d4 Nf6 3.Nc3 c6 4.f4 b6 5.Nf3 e6 6.e5 Ng8 7.Bd3 d5 8.O-O h5 9.Ne2 g6
10.b3 Nh6 11.Be3 a5 12.Bf2 Be7 13.c4 Na6 14.Rc1 Bd7 15.Nc3 Kf8 16.Qe1 Nc7
17.Bh4 Bxh4 18.Nxh4 Rg8 19.Nf3 Ne8 20.Ng5 Kg7 21.h3 f5 22.exf6+ Qxf6 23.Qe5 Rf8
24.Na4 Qxe5 25.fxe5 Rxf1+ 26.Rxf1 Rb8 27.c5 Nf5 28.Nxb6 Nc7 29.Nxd7 Rb4 30.Bxf5 gxf5
31.Rd1  1-0

[Event "WSB Masters"]
[Site "Wroclaw POL"]
[Date "2006.05.01"]
[Round "7"]
[White "Dobrowolski,P"]
[Black "Cherednichenko,S"]
[Result "1/2-1/2"]
[WhiteElo "2376"]
[BlackElo "2238"]

1.e4 d6 2.d4 Nf6 3.Nc3 e5 4.dxe5 dxe5 5.Qxd8+ Kxd8 6.Bc4 Be6 7.Bxe6 fxe6
8.f3 Nc6 9.Be3 a6 10.Nh3 Bb4 11.O-O-O+ Ke7 12.Na4 b6 13.Nf2 Rad8 14.Nd3  1/2-1/2

[Event "Open B"]
[Site "Djakovo CRO"]
[Date "2006.05.02"]
[Round "4"]
[White "Kalajzic,I"]
[Black "Sertic,Ru"]
[Result "0-1"]
[WhiteElo "2179"]
[BlackElo "2327"]

1.d4 Nf6 2.Nc3 d6 3.e4 Nbd7 4.Be3 e5 5.f3 Be7 6.Nge2 c6 7.Qd2 Nb6 8.Ng3 Qc7
9.O-O-O O-O 10.Kb1 Rd8 11.Qf2 Be6 12.Nf5 Bxf5 13.exf5 Nbd5 14.Nxd5 Nxd5 15.dxe5 dxe5
16.Bc4 b5 17.Bb3 Rd7 18.c4 bxc4 19.Bxc4 Rb8 20.Bb3 Qa5 21.Bd2 Bb4 22.Bxb4 Rxb4
23.Qc2 Qb6 24.Rhe1 f6 25.Rc1 Rd6 26.Red1 Kf8 27.Qc5 Ke7 28.Qxb6 Nxb6 29.Rc5 Rxb3  0-1

[Event "RC SPORT Open"]
[Site "Usti nad Orlici CZE"]
[Date "2006.05.02"]
[Round "5"]
[White "Folkova,M"]
[Black "Voloshin,L"]
[Result "1/2-1/2"]
[WhiteElo "2197"]
[BlackElo "2471"]

1.e4 d6 2.d4 Nf6 3.Nc3 e5 4.Nf3 Nbd7 5.Bc4 Be7 6.O-O O-O 7.Re1 c6 8.a4 a5
9.h3 h6 10.Ba2 Nh7 11.d5 Kh8 12.Nd2 Nb6 13.Nf1 f5 14.exf5 Bxf5 15.Ng3 Bg6
16.Bb3 Nf6 17.dxc6 bxc6 18.Be6 Nbd7 19.Nf5 Bxf5 20.Bxf5 d5 21.Ne2 Bc5 22.Ng3 Rb8
23.Qe2 e4 24.Bf4 Rxb2 25.Rab1 Qb6 26.Rxb2 Qxb2 27.Rf1 Nb6 28.Be6 Bd4 29.Nf5 Be5
30.Bc1 Qc3 31.Bd2 Qc5 32.Nh4 Kh7 33.Bf5+ Kg8 34.Be6+  1/2-1/2

[Event "WSB Masters"]
[Site "Wroclaw POL"]
[Date "2006.05.02"]
[Round "9"]
[White "Markosian,D"]
[Black "Cherednichenko,S"]
[Result "1-0"]
[WhiteElo "2397"]
[BlackElo "2238"]

1.e4 d6 2.d4 Nf6 3.Nc3 e5 4.Nf3 Nbd7 5.Bc4 Be7 6.Ng5 O-O 7.Bxf7+ Rxf7 8.Ne6 Qe8
9.Nxc7 Qd8 10.Nxa8 exd4 11.Qxd4 b6 12.Bf4 Nc5 13.Bg3 Bb7 14.Nxb6 Qxb6 15.f3 Qxb2
16.Rb1 Qa3 17.O-O Nh5 18.Nb5 Nxg3 19.hxg3 Qa5 20.Nxd6 Bxd6 21.Qxd6 Rd7 22.Qb8+ Rd8
23.Qe5 Qa3 24.c3 h6 25.Rfd1 Rf8 26.Rb4 a5 27.Rb5 Qa4 28.Rdb1 Bxe4 29.fxe4 Nxe4
30.Rb8 Qc6 31.Rxf8+ Kxf8 32.Qb8+ Kf7 33.Rb7+  1-0

[Event "WSB Masters"]
[Site "Wroclaw POL"]
[Date "2006.05.02"]
[Round "10"]
[White "Jedryczka,K"]
[Black "Markosian,D"]
[Result "1/2-1/2"]
[WhiteElo "2321"]
[BlackElo "2397"]

1.e4 d6 2.d4 Nf6 3.Nc3 e5 4.Nf3 Nbd7 5.Bc4 Be7 6.O-O O-O 7.Re1 c6 8.a4 a5
9.b3 Re8 10.Ba3 h6 11.Qd2 exd4 12.Nxd4 Ne5 13.Bf1 Bf8 14.Rad1 Qb6 15.h3 Bd7
16.Kh1 Rad8 17.f4  1/2-1/2

[Event "Open A"]
[Site "Djakovo CRO"]
[Date "2006.05.03"]
[Round "6"]
[White "Stojanovic,Da"]
[Black "Jovanovic,Zo CRO"]
[Result "1/2-1/2"]
[WhiteElo "2492"]
[BlackElo "2536"]

1.e4 d6 2.d4 Nf6 3.Nc3 e5 4.dxe5 dxe5 5.Qxd8+ Kxd8 6.Bg5 c6 7.O-O-O+ Ke8
8.g3 Be7 9.Bh3 Ng4 10.Bxe7 Kxe7 11.Rd2  1/2-1/2

[Event "WSB Masters"]
[Site "Wroclaw POL"]
[Date "2006.05.03"]
[Round "11"]
[White "Markosian,D"]
[Black "Lubczynski,R"]
[Result "1/2-1/2"]
[WhiteElo "2397"]
[BlackElo "2319"]

1.e4 d6 2.d4 Nf6 3.Nc3 e5 4.Nf3 Nbd7 5.Bc4 Be7 6.Ng5 O-O 7.Bxf7+ Rxf7 8.Ne6 Qe8
9.Nxc7 Qd8 10.Nxa8 b5 11.f3  1/2-1/2

[Event "RC SPORT Open"]
[Site "Usti nad Orlici CZE"]
[Date "2006.05.04"]
[Round "7"]
[White "Karlik,V"]
[Black "Voloshin,L"]
[Result "1/2-1/2"]
[WhiteElo "2293"]
[BlackElo "2471"]

1.d4 d6 2.e4 Nf6 3.Nc3 e5 4.Nge2 exd4 5.Nxd4 Be7 6.Be2 O-O 7.O-O Nc6 8.f4 Nxd4
9.Qxd4 Bd7 10.e5 Ne8 11.Nd5 c6  1/2-1/2

[Event "4th TCh-SCG"]
[Site "Vrnjacka Banja SCG"]
[Date "2006.05.06"]
[Round "6"]
[White "Brenjo,S"]
[Black "Tadic,B"]
[Result "1/2-1/2"]
[WhiteElo "2484"]
[BlackElo "2501"]

1.e4 d6 2.d4 Nf6 3.Nc3 e5 4.Nf3 Nbd7 5.Bc4 Be7 6.O-O O-O 7.Re1 c6 8.a4 a5
9.b3 h6 10.Bb2 Re8 11.h3 exd4 12.Qxd4 Ne5 13.Be2 Nfd7  1/2-1/2

[Event "4th TCh-SCG"]
[Site "Vrnjacka Banja SCG"]
[Date "2006.05.06"]
[Round "6"]
[White "Djukic,Ni"]
[Black "Pikula,D"]
[Result "1/2-1/2"]
[WhiteElo "2523"]
[BlackElo "2537"]

1.e4 d6 2.d4 Nf6 3.Nc3 e5 4.Nf3 Nbd7 5.Bc4 Be7 6.O-O O-O 7.Re1 c6 8.a4 b6
9.b3 a6 10.Bb2 Rb8 11.Bd3 Re8 12.Ne2 Bf8 13.Ng3 b5 14.axb5 axb5 15.c4 bxc4
16.Bxc4 exd4 17.Qxd4 Qb6 18.e5 Nxe5 19.Nxe5 dxe5 20.Qxb6 Rxb6 21.Bxe5 Bb4
22.Re2 Bg4 23.f3 Be6 24.Bxf6 gxf6 25.Rc1 Kf8 26.Nh5 Bc5+ 27.Kf1 Bd4 28.Ke1 Be5
29.Re4 Bd5 30.Re2 Bxc4 31.bxc4 Rb2 32.Rcc2 Bg3+ 33.Kd1 Rb1+ 34.Kd2 Be1+ 35.Rxe1 Rbxe1
36.Ng3 f5 37.Kc3 c5 38.Nxf5 R1e2 39.Rxe2 Rxe2 40.Nh4 Re3+ 41.Kd2 Ra3 42.f4 Ke8
43.g4 Rh3 44.Nf5 Rf3 45.Ng7+ Ke7 46.Nh5 Rh3 47.Ng3 Rxh2+ 48.Ke3 Kd6 49.Ne4+ Kc6
50.Ng5 f6 51.Ne4 Rh3+ 52.Ke2 h5 53.Nxf6 hxg4 54.Nxg4 Kd6 55.Nf2 Ra3 56.Ne4+ Kc6
57.f5 Rh3 58.f6 Rh5 59.Kf3 Kd7 60.Kg4 Re5 61.Kf4 Ke6 62.f7 Rf5+ 63.Kg4 Rf1
64.Nxc5+ Kxf7 65.Nd3 Ke6 66.Kg3 Kd6 67.Kg2 Rd1 68.Nf2 Rd4 69.Kf3 Rxc4 70.Ng4 Ra4
71.Ne3 Ke6 72.Ng4 Kf5 73.Ne3+ Kg5 74.Ng2 Rb4 75.Ne3 Rf4+ 76.Ke2 Ra4 77.Kd3 Kf4
78.Nd5+ Ke5 79.Ne3 Ra3+ 80.Kd2 Ke4 81.Nc2 Rb3 82.Ke2 Rd3 83.Ne1 Rh3 84.Kd2 Ra3
85.Nc2 Rh3 86.Ne1 Rg3 87.Nc2 Rh3  1/2-1/2

[Event "XI Ivan Cvitanovic mem"]
[Site "Split CRO"]
[Date "2006.05.07"]
[Round "9"]
[White "Horvath,Cs1"]
[Black "Dizdarevic,E"]
[Result "1/2-1/2"]
[WhiteElo "2545"]
[BlackElo "2492"]

1.e4 d6 2.d4 Nf6 3.Nc3 e5 4.Nf3 Nbd7 5.Bc4 Be7 6.O-O O-O 7.Re1 c6 8.a4 a5
9.b3 exd4 10.Nxd4 Ne5  1/2-1/2

[Event "1st Open"]
[Site "d'Angers FRA"]
[Date "2006.05.08"]
[Round "5"]
[White "Dandin,O"]
[Black "David,Ale"]
[Result "1-0"]
[WhiteElo "1990"]
[BlackElo "2157"]

1.d4 d6 2.e4 Nf6 3.Nc3 c6 4.a4 Nbd7 5.Nf3 e5 6.Be2 Be7 7.O-O O-O 8.h3 exd4
9.Nxd4 Nc5 10.Bf3 a5 11.Bf4 Qb6 12.Qd2 Rd8 13.Rfe1 Bf8 14.Bg5 Ncd7 15.Rab1 h6
16.Bh4 g5 17.Bg3 Ne5 18.Be2 Ng6 19.Bc4 Qb4 20.Bb3 d5 21.e5 Nh5 22.Nde2 Bc5
23.Qd3 g4 24.Na2 Qb6 25.hxg4 Bxg4 26.Kf1 Nxg3+ 27.Qxg3 Be6 28.Nac1 Qc7 29.Nd3 Be7
30.Nd4 Kh7 31.c3 c5 32.Nxe6 fxe6 33.Bc2 Bg5 34.Nf4 Rg8 35.Nxe6 Qf7 36.Nxg5+ hxg5
37.Qxg5 Raf8 38.Qh5+ Kg7 39.Qxg6+ Qxg6 40.Bxg6 Kxg6 41.Rbd1 Rh8 42.Rxd5 Rh1+
43.Ke2 Rh2 44.Rg1 b6 45.Rd6+ Kf5 46.Rf6+  1-0

[Event "President's Cup"]
[Site "Baku AZE"]
[Date "2006.05.09"]
[Round "6"]
[White "Abasov,N"]
[Black "Abdullaev,A"]
[Result "1-0"]
[WhiteElo "2134"]
[BlackElo "2090"]

1.d4 Nf6 2.Nc3 d6 3.e4 Nbd7 4.Be3 c5 5.dxc5 Qa5 6.Qd2 Nxc5 7.O-O-O Bd7 8.f3 Rc8
9.g4 Bxg4 10.Bxc5 Qxc5 11.fxg4 Nxg4 12.Bh3 h5 13.Bxg4 hxg4 14.Nge2 g6 15.Kb1 Bh6
16.Qd3 Be3 17.Nd5 Rh3 18.Ng3 Bg5 19.Qe2 e6 20.e5 exd5 21.exd6+ Kf8 22.d7 Rc6
23.Qe8+ Kg7 24.Qe5+ Bf6 25.Qxf6+ Kxf6 26.d8=Q+ Kg7 27.Qxd5 Qxc2+ 28.Ka1 Qc5
29.Qe4 Rh4 30.a3 Rb6 31.Rd2 Rb3 32.Rf1 Rf3 33.Rfd1 b5 34.Rc2 Qe3 35.Qb4 a6
36.Rd8 Rxh2 37.Rxh2 Qg1+ 38.Ka2 Qxh2 39.Ne4 g5 40.Qf8+ Kg6 41.Rd5 Qh6 42.Qg8+ Kh5
43.Rxg5+ Kh4 44.Rxg4+ Kh5 45.Ng3+ Rxg3 46.Rxg3 Qe6+ 47.Rb3 a5 48.Qh8+ Kg6
49.Qh3 f5 50.Qg3+ Kf6 51.Qc3+  1-0

[Event "Open"]
[Site "Salsomaggiore ITA"]
[Date "2006.05.13"]
[Round "3"]
[White "Mrdja,M"]
[Black "Brancaleoni,M"]
[Result "1-0"]
[WhiteElo "2409"]
[BlackElo "2286"]

1.e4 d6 2.d4 Nf6 3.Nc3 e5 4.Nf3 Nbd7 5.Be2 Be7 6.O-O O-O 7.Re1 b6 8.a4 Bb7
9.Bf1 a6 10.b3 Re8 11.Ba3 Bf8 12.d5 Qb8 13.Bc4 g6 14.Re2 Nh5 15.g3 Bc8 16.Ne1 Bg7
17.Nd3 Nc5 18.Re1 Bd7 19.Nxc5 dxc5 20.Qd3 Qb7 21.b4 cxb4 22.Bxb4 Nf6 23.Rab1 h5
24.Bc5 Qa7 25.Be3 Ng4 26.d6 Nxe3 27.Qxe3 cxd6 28.Nd5 Bxa4 29.Rxb6 Qd7 30.Bxa6 Rab8
31.c4 Bc6 32.Bb5 Bxb5 33.cxb5 Rbc8 34.Rb1 h4  1-0

[Event "1st Magistral Espirito Sancto"]
[Site "Vitoria BRA"]
[Date "2006.05.15"]
[Round "1"]
[White "Stamenkovic,Dr"]
[Black "Crosa,M"]
[Result "1/2-1/2"]
[WhiteElo "2334"]
[BlackElo "2449"]

1.d4 d6 2.e4 Nf6 3.Nc3 c6 4.f4 Qa5 5.Bd3 e5 6.Nf3 Bg4 7.Be3 Be7 8.O-O Nbd7
9.h3 Bxf3 10.Qxf3 O-O 11.Ne2 Rae8 12.c3 Bd8 13.g4 h6 14.Ng3 Bb6 15.Nf5 exd4
16.cxd4 Re6 17.Rf2 Rfe8 18.Bd2 Qa4 19.b3 Qa3 20.Bc1 Qb4 21.Bd2 Qa3 22.e5 dxe5
23.fxe5 Nxe5 24.dxe5 Qb2 25.Rd1 Qxe5 26.Rf1 Qd5 27.Qxd5 Nxd5 28.Kg2 Bxf2
29.Rxf2 Rd8 30.Bc4 b5 31.Be2 a6 32.Bf3 c5 33.Ba5 Rd7 34.Kg3 Nf6 35.Rc2 Rd3
36.Kg2 Ne4 37.Be2 Rd7 38.Be1 Ng5 39.Bf2 Re5 40.Bxc5 Rc7 41.b4 Ne4 42.Bd3 Nxc5
43.bxc5 Rcxc5 44.Rf2 Rc3 45.Bc2 a5 46.Nd6 a4 47.Nxf7 Ree3 48.Nd6 Rxh3 49.Nxb5 Rcg3+
50.Kf1 Rh1+ 51.Ke2 Ra1 52.Kd2 Rxa2 53.Nc3 Rxc2+ 54.Kxc2 Rxg4 55.Kd3 Rg3+
56.Kd4 h5 57.Ra2 Kh7 58.Ne4 Rb3 59.Rxa4 h4 60.Ke5 h3 61.Kf4 Kh6 62.Ra8 Kh7
63.Ng5+ Kg6 64.Rh8 Kf6 65.Nxh3 Rb4+ 66.Kg3 Rb3+ 67.Kg4 Rb4+ 68.Nf4 Kf7 69.Rc8 Rb7
70.Rc5 Kf6 71.Rf5+ Ke7 72.Kg5 Rd7 73.Kg6 Kd6 74.Nh5 Kc6 75.Nxg7 Rd6+ 76.Kf7 Rd5
77.Rf4 Kc5 78.Ne6+ Kd6 79.Kf6 Rd1 80.Ng7 Kd5 81.Nf5 Kc5 82.Re4 Rd5 83.Re2 Rd8
84.Rc2+ Kb4 85.Ke5 Re8+ 86.Kd4 Rd8+ 87.Ke4 Re8+ 88.Kd3 Rh8 89.Rc4+ Ka5 90.Rc1 Kb6
91.Nd4 Rh3+ 92.Kc4 Rh5  1/2-1/2

[Event "ch-St Petersburg w"]
[Site "St Petersburg RUS"]
[Date "2006.05.19"]
[Round "7"]
[White "Solovjova,V"]
[Black "Kirillova,V"]
[Result "0-1"]
[WhiteElo "2265"]
[BlackElo "2225"]

1.e4 d6 2.d4 Nf6 3.Nc3 e5 4.Nf3 Nbd7 5.Bc4 Be7 6.O-O O-O 7.Re1 c6 8.a4 b6
9.Bg5 Bb7 10.Bf1 Re8 11.Bxf6 Bxf6 12.d5 c5 13.a5 g6 14.a6 Bc8 15.Bb5 Nf8
16.Bc6 Bd7 17.Nb5 Bxc6 18.dxc6 Be7 19.Qd5 Ne6 20.c4 Nf4 21.Qd2 Qc8 22.g3 Ne6
23.Nxd6 Bxd6 24.Qxd6 Nd4 25.Nxd4 exd4 26.c7 Qe6 27.e5 Rac8 28.b4 Qe7 29.bxc5 bxc5
30.Rab1 Rxc7 31.Qd5 Rd8 32.Qe4 d3 33.Red1 d2 34.Rb2 Rcd7 35.Rb7 Qe6 36.Rxd7 Rxd7
37.Qe2 Qxa6 38.Rxd2 Rxd2 39.Qxd2 Qa1+ 40.Kg2 Qxe5 41.h4 h5 42.Kh2 Qd4 43.Qa2 a5
44.Kg2 Qc3 45.Qa4 Kg7 46.f3 Qb4 47.Qa1+ Kh7 48.g4 hxg4 49.h5 gxf3+ 50.Kxf3 Qxc4
51.hxg6+ Kxg6 52.Qxa5 Qd3+ 53.Kg2 c4 54.Qa8 c3 55.Qg8+ Kf6 56.Qh8+ Ke7 57.Qe5+ Kd7
58.Qf4 Qd2+  0-1

[Event "Caissa IM May"]
[Site "Kecskemet HUN"]
[Date "2006.05.20"]
[Round "1"]
[White "Bogumil,P"]
[Black "Sutorikhin,V"]
[Result "1/2-1/2"]
[WhiteElo "2280"]
[BlackElo "2359"]

1.e4 d6 2.d4 Nf6 3.Nc3 Nbd7 4.g3 e5 5.Nge2 b5 6.a3 c6 7.Bg2 Be7 8.O-O Bb7
9.h3 h5 10.Be3 a6 11.f4 O-O 12.Kh2 Re8 13.Bf3 exd4  1/2-1/2

[Event "NAO Tune-Up"]
[Site "Wichita USA"]
[Date "2006.05.20"]
[Round "2"]
[White "Sirin,A"]
[Black "Braunlich,T"]
[Result "1/2-1/2"]
[WhiteElo "2070"]
[BlackElo "2178"]

1.d4 Nf6 2.Nc3 d6 3.e4 e5 4.dxe5 dxe5 5.Qxd8+ Kxd8 6.Bg5 Be6 7.Nf3 Nd7 8.O-O-O Kc8
9.a3 Ng4 10.Bh4 f6 11.h3 Nh6 12.Nd2 Nb6 13.Be2 c6 14.Bg3 Kc7 15.f4 exf4 16.Bxf4+ Bd6
17.Bxd6+ Kxd6 18.e5+ fxe5 19.Nc4+ Kc7 20.Nxe5 Rhe8 21.Bf3 Nf7 22.Rhe1 Nc4
23.Nxc4 Bxc4 24.b3 Be6 25.Ne4 Rad8 26.Nc5 Bc8 27.Re2  1/2-1/2

[Event "Caissa IM May"]
[Site "Kecskemet HUN"]
[Date "2006.05.21"]
[Round "3"]
[White "Farkas,Ti"]
[Black "Sutorikhin,V"]
[Result "1/2-1/2"]
[WhiteElo "2334"]
[BlackElo "2359"]

1.e4 d6 2.d4 Nf6 3.Nc3 e5 4.dxe5 dxe5 5.Qxd8+ Kxd8 6.Bc4 Be6 7.Bxe6 fxe6
8.f3 Bc5 9.Ke2 Ke7 10.Be3 Bxe3 11.Kxe3 a6 12.Nh3 Nc6 13.Nf2 Rad8 14.Rhd1  1/2-1/2

[Event "37th Olympiad w"]
[Site "Turin ITA"]
[Date "2006.05.21"]
[Round "1"]
[White "Bosboom Lanchava,T"]
[Black "Chierici,M"]
[Result "1-0"]
[WhiteElo "2380"]
[BlackElo "1922"]

1.d4 d6 2.e4 Nf6 3.Nc3 e5 4.Nge2 Be7 5.f3 Nbd7 6.g4 O-O 7.Be3 c6 8.Qd2 b5
9.Ng3 exd4 10.Bxd4 Ne5 11.Be2 Re8 12.g5 Nfd7 13.f4 b4 14.Nd1 c5 15.Be3 Ng6
16.h4 Nb6 17.h5 Nf8 18.c4 f6 19.Nf2 Qc7 20.g6 hxg6 21.hxg6 f5 22.O-O-O Qd8
23.Nxf5 Be6 24.Ng4 Nxc4 25.Bxc4 Bxc4 26.Qh2 Nxg6 27.Qh7+  1-0

[Event "37th Olympiad w"]
[Site "Turin ITA"]
[Date "2006.05.21"]
[Round "1"]
[White "Arnetta,M"]
[Black "Peng Zhaoqin"]
[Result "0-1"]
[WhiteElo "2054"]
[BlackElo "2395"]

1.e4 d6 2.d4 Nf6 3.Nc3 c6 4.f4 Qa5 5.Bd3 e5 6.Nf3 Bg4 7.dxe5 dxe5 8.fxe5 Nfd7
9.h3 Bxf3 10.Qxf3 Nxe5 11.Qg3 Nbd7 12.Bd2 Qc7 13.O-O-O Nxd3+ 14.Qxd3 Bd6
15.Be3 Be5 16.Rhf1 Rd8 17.Bd4 O-O 18.Bxe5 Nxe5 19.Qe2 Qe7 20.g4 g6 21.Kb1 b5
22.Qf2 Nc4 23.Rd3 Qb4 24.Nd1 Nd2+ 25.Kc1 Nxf1 26.Qxf1 Qxe4 27.Rf3 Qd5 28.Nc3 Qd2+
29.Kb1 Rfe8  0-1

[Event "Caissa IM May"]
[Site "Kecskemet HUN"]
[Date "2006.05.22"]
[Round "4"]
[White "Eisenbeiser,A"]
[Black "Sutorikhin,V"]
[Result "1/2-1/2"]
[WhiteElo "2370"]
[BlackElo "2359"]

1.e4 d6 2.d4 Nf6 3.Nc3 Nbd7 4.Nf3 e5 5.Bc4 Be7 6.O-O O-O 7.Re1 c6 8.a4 a5
9.h3 Re8 10.b3 Bf8 11.Ba3 h6 12.d5 Nb6 13.Bf1 cxd5 14.Nxd5 Nbxd5 15.exd5 Nd7
16.Bb5 f5 17.Nd2 Qf6 18.Nc4 Rd8 19.Qd2 e4 20.Bxd7 Bxd7 21.Bb2 Qg6 22.Bc3 Be7
23.Bxa5 Rf8 24.f4 Qh5 25.Bc7 Ra6 26.Nb6 Be8 27.b4 g5 28.b5 Rxb6 29.Bxb6 gxf4
30.Qxf4 Bf6 31.Qxd6 Bxa1 32.Rxa1 f4 33.Bd4 Rf5 34.Qe6+ Bf7 35.Qc8+ Be8 36.Qe6+ Bf7
37.Qc8+ Be8 38.Qe6+ Bf7 39.Qc8+  1/2-1/2

[Event "Caissa IM May"]
[Site "Kecskemet HUN"]
[Date "2006.05.22"]
[Round "5"]
[White "Dostan,J"]
[Black "Eisenbeiser,A"]
[Result "0-1"]
[WhiteElo "2285"]
[BlackElo "2370"]

1.e4 d6 2.d4 Nf6 3.Nc3 c6 4.Nge2 Qa5 5.Bd2 e5 6.g3 Qc7 7.Bg2 Be7 8.O-O b5
9.a3 a6 10.h3 O-O 11.Kh2 Nbd7 12.f4 exd4 13.Nxd4 g6 14.b4 Bb7 15.g4 c5 16.bxc5 dxc5
17.Nde2 b4 18.axb4 cxb4 19.Nd5 Nxd5 20.exd5 Nb6 21.Be3 Nc4 22.Bg1 Rad8 23.Qd4 Rd6
24.Rad1 Rfd8 25.Ng3 Bxd5  0-1

[Event "37th Olympiad w"]
[Site "Turin ITA"]
[Date "2006.05.22"]
[Round "2"]
[White "Juergens,V"]
[Black "Agababean,N"]
[Result "1-0"]
[WhiteElo "2330"]
[BlackElo "2200"]

1.e4 d6 2.d4 Nf6 3.Nc3 c6 4.a4 b6 5.f4 Bg4 6.Qd3 Bc8 7.b4 e6 8.Rb1 Be7 9.Nf3 O-O
10.Be2 Bb7 11.O-O c5 12.e5 c4 13.Qxc4 d5 14.Qb3 Ne4 15.Be3 Nc6 16.Na2 f5
17.c4 Kh8 18.cxd5 exd5 19.Bd3 Qd7 20.Rbd1 Rad8 21.Bxe4 fxe4 22.Ng5 Bxg5 23.fxg5 Ne7
24.b5 Rxf1+ 25.Rxf1 a5 26.Qa3 Kg8 27.Nc3 Rf8 28.Rxf8+ Kxf8 29.Ne2 Ke8 30.h3 Qc7
31.Nf4 Nf5 32.Bf2 Qe7 33.Qxe7+ Nxe7 34.Ne6 g6 35.g4 Ng8 36.Be3 Ke7 37.Nf4 Kd7
38.Bc1 Ne7 39.Ba3 Ng8 40.Kf2 Ba8 41.Ke3 Bb7 42.h4 Ke8 43.e6 Ne7 44.h5 Ba8
45.h6 Bb7 46.Bxe7 Kxe7 47.Nxg6+  1-0

[Event "37th Olympiad w"]
[Site "Turin ITA"]
[Date "2006.05.23"]
[Round "3"]
[White "Vajda,S"]
[Black "Borsuk,A"]
[Result "1/2-1/2"]
[WhiteElo "2403"]
[BlackElo "2341"]

1.e4 d6 2.d4 Nf6 3.Nc3 c6 4.f4 Qa5 5.Bd3 e5 6.Nf3 Nbd7 7.O-O Be7 8.Kh1 Qc7
9.Qe1 b6 10.a4 a6 11.dxe5 dxe5 12.fxe5 Ng4 13.Qg3 Ndxe5 14.h3 Bd6 15.Bf4 h5
16.Nxe5 Bxe5 17.Bc4 Bxf4 18.Qxf4 Qxf4 19.Rxf4 Ne5 20.Bb3 Ke7 21.Ne2 Rd8 22.Raf1 Be6
23.Bxe6 fxe6 24.Nc1 Rd2 25.Nd3 Nxd3 26.cxd3 Kd6 27.Rf7 Rxd3 28.Rxg7 Rd4 29.Rg5 Rxe4
30.Rd1+ Ke7 31.Rxh5 Rxa4 32.Rh7+ Kf6 33.Rh6+ Ke5 34.Rh5+ Kf6 35.Rh6+ Ke5
36.Rh5+ Kf6 37.Rd6 Re8 38.Rxc6 Rb4 39.Rc2 a5 40.Rf2+ Ke7 41.Rd2 Rc8 42.Rh7+ Kf6
43.Rh6+ Ke7 44.Rh7+ Kf6 45.Rh6+ Ke7 46.Rh7+  1/2-1/2

[Event "37th Olympiad w"]
[Site "Turin ITA"]
[Date "2006.05.24"]
[Round "4"]
[White "Stefanova,A"]
[Black "Klinova,M"]
[Result "1/2-1/2"]
[WhiteElo "2502"]
[BlackElo "2357"]

1.d4 d6 2.e4 Nf6 3.Nc3 e5 4.dxe5 dxe5 5.Qxd8+ Kxd8 6.f4 Bb4 7.Bd3 Nc6 8.Nf3 Bg4
9.Nxe5 Nxe5 10.fxe5 Nd7 11.Bf4 h6 12.Bc4 Ke7 13.Bd2 Ke8 14.h3 Nxe5 15.Bd5 Bc8
16.Bf4 f6 17.Bxe5 fxe5 18.O-O c6 19.Bb3 Rf8 20.Rxf8+ Bxf8 21.Rf1 b5 22.a4 a6
23.Rf7 Ra7 24.Rxa7 Bc5+ 25.Kf1  1/2-1/2

[Event "37th Olympiad w"]
[Site "Turin ITA"]
[Date "2006.05.24"]
[Round "4"]
[White "Maeckelberg,M"]
[Black "Chierici,M"]
[Result "0-1"]
[WhiteElo "2026"]
[BlackElo "1922"]

1.e4 d6 2.d4 Nf6 3.Nc3 e5 4.Nf3 Nbd7 5.Bc4 Be7 6.O-O c6 7.a4 Qc7 8.Qe2 O-O
9.h3 b6 10.Rd1 Re8 11.Ba2 exd4 12.Nxd4 Bf8 13.Bf4 Nc5 14.f3 Ne6 15.Nxe6 Bxe6
16.Bxe6 fxe6 17.Qc4 Rac8 18.Rd2 Kh8 19.Rad1 e5 20.Be3 Qb7 21.b4 d5 22.exd5 cxd5
23.Qh4 Rxc3 24.Bh6 Rc4 25.f4 Bxb4 26.Rd3 exf4 27.Bxf4 Bd6 28.g3 Rxa4 29.Rb3 Qc6
30.Qg5 Bxf4 31.gxf4 Qxc2 32.Rdb1 Ra2  0-1

[Event "37th Olympiad w"]
[Site "Turin ITA"]
[Date "2006.05.24"]
[Round "4"]
[White "Kachiani,K"]
[Black "Srebrnic,A"]
[Result "1-0"]
[WhiteElo "2421"]
[BlackElo "2302"]

1.d4 d6 2.e4 Nf6 3.Nc3 e5 4.Nf3 Nbd7 5.Bc4 Be7 6.O-O O-O 7.Re1 a6 8.a4 b6
9.Bg5 c6 10.d5 c5 11.Rb1 Ne8 12.Be3 g6 13.b4 Ng7 14.Nd2 f5 15.Bh6 Rf7 16.bxc5 bxc5
17.Bf1 f4 18.Nc4 Ne8 19.a5 Qc7 20.Na4 Rb8 21.Nab6 Nxb6 22.axb6 Qd7 23.Be2 Bd8
24.Rb3 Kh8 25.Qa1 Qe7 26.Reb1 g5 27.Bh5 Kg8 28.Na5 Qf6 29.Bxf7+ Kxf7 30.Nc6 Rxb6
31.Nxd8+  1-0

[Event "37th Olympiad w"]
[Site "Turin ITA"]
[Date "2006.05.25"]
[Round "5"]
[White "Mendoza,B"]
[Black "Chierici,M"]
[Result "1/2-1/2"]
[WhiteElo "2132"]
[BlackElo "1922"]

1.e4 d6 2.d4 Nf6 3.Nc3 e5 4.dxe5 dxe5 5.Qxd8+ Kxd8 6.Bc4 Be6 7.Bxe6 fxe6
8.Nf3 Nbd7 9.Bg5 Bc5 10.O-O-O Ke7 11.Bh4 a6 12.h3 Bd6 13.Rhe1 Nf8 14.Bg3 Ng6
15.Nh4 Nf8 16.Bh2 N6d7 17.Nf3 Ng6 18.Re3 Rad8 19.Bg3 Rhf8 20.a3 h6 21.Ne2 Bc5
22.Red3 Bd6 23.Re3 Nf6 24.Nc3 Nh5 25.Ne2 Nf6 26.Nc3 Nh5 27.Ne2 Nf6 28.Nc3 Nh5
29.Ne2  1/2-1/2